000 00478nam a2200181Ia 4500
003 GCL
008 140319s9999 xx 000 0 ara d
040 _aGCL /
_cGCL
082 0 4 _a103
_bت م
100 1 _aتوفيق سلوم
245 1 0 _aالمعجم الفلسفى المختصر /
_cتوفيق سلوم
300 _a608
490 _a100 قصة
_v0
650 0 4 _aالفلسفة
650 0 4 _aالمعاجم
650 0 4 _aالفلسفة - معاجم
942 _2ddc
_cBK
999 _c46742
_d46742